000 00408nam a2200145Ia 4500
008 230917s9999||||xx |||||||||||||| ||und||
040 _e111760
_aMAIN
041 _aEnglish
082 _a297.72 A19P
100 _aAbbas Hussan
245 0 _aPakistan's drift into extremism: Allah, the army and America's war on terror
260 _aNew Delhi
_bPentagon Press
_c2005
300 _axv p. ; 275
942 _cBK
999 _c130879
_d130879